A bölcselet története, írta Schwegler Albert ; a Koebertöl átnézett és bővített tizenötödik kiadás után fordította ifj. Mitrovics Gyula [könyvismertetés] /

Elmentve itt :
Bibliográfiai részletek
Szerző: Pauler Ákos
További közreműködők: Schwegler Albert
Mitrovics Gyula
Dokumentumtípus: Cikk
Megjelent: 1904
Sorozat:Magyar pedagógia : a Magyar Tudományos Akadémia Pedagógiai Bizottságának folyóirata 13
Kulcsszavak:Filozófia könyvismertetés, Filozófiatörténet
Online Access:http://misc.bibl.u-szeged.hu/7968
LEADER 00878nab a2200205 i 4500
001 misc7968
005 20191106144016.0
008 170607s1904 hu o 0|| hun d
022 |a 0025-0260 
040 |a SZTE Miscellanea Repozitórium  |b hun 
041 |a hun 
100 1 |a Pauler Ákos 
245 1 2 |a A bölcselet története, írta Schwegler Albert ; a Koebertöl átnézett és bővített tizenötödik kiadás után fordította ifj. Mitrovics Gyula   |h [elektronikus dokumentum] :  |b [könyvismertetés] /  |c  Pauler Ákos 
260 |c 1904 
300 |a 242-244 
490 0 |a Magyar pedagógia : a Magyar Tudományos Akadémia Pedagógiai Bizottságának folyóirata  |v 13 
695 |a Filozófia könyvismertetés, Filozófiatörténet 
700 0 1 |a Schwegler Albert 
700 0 1 |a Mitrovics Gyula 
856 4 0 |u http://misc.bibl.u-szeged.hu/7968/1/mp_1904_0946_242-244.pdf  |z Dokumentum-elérés